Chemistry in the laboratory /

Gorde:
Xehetasun bibliografikoak
Egile nagusia: Postma, James M.
Formatua: Liburua
Hizkuntza:English
Argitaratua: New York ; Basingstoke : W. H. Freeman ; Macmillan, 2000.
Edizioa:5th edition.
Gaiak:
Etiketak: Etiketa erantsi
Etiketarik gabe, Izan zaitez lehena erregistro honi etiketa jartzen!
Thư viện lưu trữ: Mạng thư viện Đại học Đà Nẵng
LEADER 01105cam a2200349 i 4500
001 000045957
003 5178
005 20180117093649.0
008 010220b2000 vm 000 eng
020 |a 0716735474 (pbk.) 
040 |a LRCC  |c LRCC  |d LRCC 
041 0 |a eng 
082 1 4 |a 542  |b PO-J 
100 1 |a Postma, James M. 
245 0 0 |a Chemistry in the laboratory /  |c James M. Postma. 
250 |a 5th edition. 
260 |a New York ; Basingstoke :  |b W. H. Freeman ; Macmillan,  |c 2000. 
300 |a xvii, 550p. :  |b ill., forms. 
630 0 4 |a Chemistry. 
650 0 4 |a Chemistry  |v Laboratory manuals. 
OWN |a DUT 
AVA |a UDN50  |b DUT  |c Book  |d 542 PO-J  |e available  |t Error 5001 Not defined in file expand_doc_bib_avail.  |f 1  |g 0  |h N  |i 1  |j SH  |k 1 
999 |a From the UDN01 
AVA |a UDN50  |b DUT  |c Book  |d 542 PO-J  |e available  |t Error 5001 Not defined in file expand_doc_bib_avail.  |f 1  |g 0  |h N  |i 1  |j SH  |k 1 
TYP |a Monograph 
TYP |a Printed language 
980 |a Mạng thư viện Đại học Đà Nẵng